Правовые аспекты российской жилищной политики Монография
Государственная жилищная политика формируется под влиянием внешних и внутренних факторов предусматривает создание и поддержание условии для развития рынка жилья. Эффективность жилищной политики обусловлена наличием законодательной базы и усилением механизма ее реализации исследованию которых посвяще...
Сохранить в:
| Format: | Монография |
|---|---|
| Udgivelse: | 1 |
| Online adgang: | https://znanium.ru/catalog/document?id=464570 https://znanium.ru/cover/2210/2210413.jpg |
| Tags: |
Tilføj Tag
Ingen Tags, Vær først til at tagge denne postø!
|
| LEADER | 03701nam0a2200301 i 4500 | ||
|---|---|---|---|
| 001 | RU\infra-m\znanium\bibl\2210413 | ||
| 003 | https://znanium.ru/catalog/document?id=464570 | ||
| 005 | 20250508000000.0 | ||
| 010 | |a 978-5-7972-1186-0 | ||
| 100 | |a 20250508d2025 m y0rusy0150 ca | ||
| 101 | 0 | |a rus | |
| 102 | |a RU | ||
| 200 | 1 | |a Правовые аспекты российской жилищной политики |e Монография |f Владимирский государственный университет им. А.Г. и Н.Г. Столетовых | |
| 205 | |a 1 | ||
| 210 | 1 | |a Ростов-на-Дону |c Ростовский Государственный Экономический Университет (РГЭУ, бывший РИНХ) |d 2008 | |
| 215 | |a 104 с. | ||
| 330 | |a Государственная жилищная политика формируется под влиянием внешних и внутренних факторов предусматривает создание и поддержание условии для развития рынка жилья. Эффективность жилищной политики обусловлена наличием законодательной базы и усилением механизма ее реализации исследованию которых посвящена данная работа. В монографию включены исследования по разграничению компетенции органов власти в осуществлении жилищной политики теоретико-методологическое основание для оценки итогов реализации региональной политики рассмотрено законодательное регулирование финансовых государственных жилищных программ правовое обеспечение реализации национального проекта в сфере жилищного строительства и механизма по защите прав и интересов инвесторов-долыциков. Настоящая монография выполнена по материалам внутривузовского гранта посвящена исследованию правовых аспектов российской жилищной политики. Рекомендуется широкому кругу читателей интересующихся правовыми аспектами регулирования рынка жилья. Утверждена в качестве монографии редакционно-издательским советом РГЭУ «РИНХ». | ||
| 333 | |a Профессиональное образование | ||
| 606 | |a Право. Юридические науки |x Договорное право |2 local | ||
| 608 | |a Монография |2 local | ||
| 675 | |a 342 |z rus | ||
| 686 | |a 67404 |2 rubbk | ||
| 686 | |a 40.03.01 |2 okso | ||
| 686 | |a 40.04.01 |2 okso | ||
| 702 | 1 | |a Корсун |b Т.Н. |g Татьяна Николаевна |p Владимирский государственный университет им. А.Г. и Н.Г. Столетовых |r Под ред. | |
| 801 | 0 | |a RU |b Общество с ограниченной ответственностью «ЗНАНИУМ» |c 20250507 |2 rusmarc | |
| 856 | 4 | |a znanium.ru |m ebs_support@infra-m.ru |n НИЦ ИНФРА-М |u https://znanium.ru/catalog/document?id=464570 | |
| 856 | 4 | 1 | |a znanium.ru |d /cover/2210 |f 2210413.jpg |u https://znanium.ru/cover/2210/2210413.jpg |